000 00801nam a2200217 a 4500
001 65380
003 BD-RjUL
005 20211209081423.0
008 170305s1965 ii ||||| |||| 00| 0 ben d
035 _a(BD-RjUL) 65510
040 _aBD-RjUL
_bben
_cBD-RjUL
041 _aben
082 _223
_a891.44092
_bBAB 1965
100 1 _aবাগচি, মণি
_9189011
245 0 1 _aবঙ্কিমচন্দ্র /
_cমণি বাগচি
260 _aকলকাতা :
_bজিজ্ঞাসা,
_c১৯৬৫.
300 _a২২৬ পৃ. ;
_c২০ সেমি.
600 _aচট্টোপাধ্যায়, বঙ্কিম চন্দ্র,
_d১৮৩৮-১৮৯৪
_9193486
600 _a Chattopadhyay, Bankim Chandra,
_d1838-1894
_9193487
942 _2ddc
_cBK
999 _c65380
_d65380